| 000 | 01051cam a22003014a 4500 | ||
|---|---|---|---|
| 999 |
_c7186 _d7186 |
||
| 001 | 15471302 | ||
| 003 | OSt | ||
| 005 | 20200127152810.0 | ||
| 008 | 081001s2007 ii b 001 0 eng | ||
| 010 | _a 2008471515 | ||
| 020 | _a9788177081473 | ||
| 020 | _a8177081470 | ||
| 040 |
_aDLC _coclc _dDLC |
||
| 050 | 0 | 0 |
_aHG3971 _b.J35 2007 |
| 082 | 0 | 0 |
_a332.45 _222 _bJAI/F |
| 100 |
_aJain, Nidhi _91616 |
||
| 245 | 1 | 0 |
_aForeign exchange risk management / _cNidhi Jain |
| 260 |
_aNew Delhi : _bNew Century Publications, _c2007. |
||
| 300 |
_axii, 234 p. ; _c23 cm. |
||
| 504 | _aIncludes bibliographical references (p. [223]-228) and index. | ||
| 650 | 0 |
_aForeign exchange market _zIndia. |
|
| 650 | 0 | _aForeign exchange market. | |
| 650 | 0 | _aRisk management. | |
| 856 | 4 | 1 |
_3Table of contents only _uhttp://www.loc.gov/catdir/toc/fy1001/2008471515.html |
| 906 |
_a7 _bcbc _corignew _d2 _encip _f20 _gy-gencatlg |
||
| 942 |
_2ddc _cBK _h332.45 _iJAI/F _k332.45 _mJAI/F |
||